| 000 | 00464nam a22001457a 4500 | ||
|---|---|---|---|
| 003 | OSt | ||
| 005 | 20211126151218.0 | ||
| 008 | 211126b ||||| |||| 00| 0 eng d | ||
| 040 | _cAIMIT LIBRARY | ||
| 082 | _a658.4092 PANB | ||
| 100 |
_aPanda, B J;Muthuraman, B. _eAuthor _qB J Panda; B Muthuraman _910923 |
||
| 245 | _aEmerging leadership: the role of next generation politicians. | ||
| 260 |
_aNew Delhi _bExcel Multimedia _c2007 |
||
| 942 |
_2ddc _cCD _k658.4092 PANB |
||
| 999 |
_c220813 _d220813 |
||